Регионална библиотека "Любен Каравелов" - Русе

Химия (Запис номер 64427)

MARC детайли
000 -Лидер
Контролно поле с фиксирана дължина 01321nam a2200361 c 4500
003 - Код на организацията, давaща контролен номер
Контролно поле BLK
005 - Дата и час на последна редакция
Контролно поле 20180420223302.0
008 - Елементи от данни с фиксирана дължина
fixed length control field 180408b bul|||||r ||||||| ||bul||
010 ## - Наследен системен номер
LC control number KNG00068694000
020 ## - Международен стандартен номер на книга ISBN
Международен стандартен номер на книга ISBN 954-756-044-1
-- издат.: Мед. унив.
040 ## - Източник на каталожния запис
Идентификатор на билиотеката - собственик на записа BLK
041 ## - Код за език
Код за езика на текст/звукозапис или на отделно заглавие Български
Код за езика КДБФ Български
080 ## - УДК
Текстов определител УДК Химия. Кристалография. Минералогия. Вж и 577.1; 66; 612.015; 631.41
УДК код - определител по УДК 54
УДК определител (075.8)
УДК - код + определител 54(075.8)
100 1# - Редна дума - Автор
Автор Рачин, Емил И.
Авторска отговорност първи автор
R(LIN) 283380
139 ## - Редно поле
Редна дума Рачин, Емил И.
Авторски знак Рач - Р 41
245 10 - Сведения за заглавието
Заглавие Химия
Подзаглавни данни За студенти по медицина
Редно поле (дума) Емил И. Рачин.
250 ## - Област на изданието
Сведения за изданието 2. изд.
257 ## - Страна на издаване
Страна на създаване/издаване България
260 ## - Област на издателските данни
-- Плевен
Име на издателя, разпространителя и проч. Мед. унив.
Година на издаване 2005
Печатница Плевен : Фотон $ АЯ
300 ## - Физическа характеристика
Страници 679 с.
Илюстрации и др. с табл., диагр.
Размери/Мащаб 24 см
380 ## - Жанр
Жанр Естествени науки. Математика
500 ## - Общи забележки
Забележка 1. изд. 2003 на ВМИ и Фотон $ АЯ - Плевен. - Библиогр. с. 677-678
504 ## - Забележка за наличие на библиография и др
Забележка за наличие на библиография и под. 677-678
650 #4 - Допълнително описание по предмет – тема
Основно описание – тема или топоним Химия - учебници за ВУЗ
9 (RLIN) 241825
653 ## - Ключова дума – ненормативна
Ключова дума химия
653 ## - Ключова дума – ненормативна
Ключова дума учебници за ВУЗ
653 ## - Ключова дума – ненормативна
Ключова дума медици
852 ## - Местоположение
Форматна сигнатура Цб 229579
856 4# - Електронен адрес и достъп
Електронен формат pdf - файл
Път до файла /url/
856 4# - Електронен адрес и достъп
Електронен формат pdf - файл
Път до файла /url/
942 ## - АРТИКУЛИ
Вид на библиотечния материал Книги
Скрит в OPAC Не
944 ## - СЪЗДАВАНЕ И РЕДАКЦИЯ на ЗАПИСА
Създаване/Редакция Създаване
Дата на регистрацията/редакция 13.10.2006
Служител, извършил регистрацията/редакцията Геновева_Генчева
944 ## - СЪЗДАВАНЕ И РЕДАКЦИЯ на ЗАПИСА
Създаване/Редакция Редакция
Дата на регистрацията/редакция 25.10.2006
Служител, извършил регистрацията/редакцията
999 ## - СИСТЕМНИ КОНТРОЛНИ НОМЕРА
Koha biblionumber 64427
Koha biblioitemnumber 64427
Наличности
Код за отписване Код за изгубен артикул Код за повреда Коз за рестрикции Код за отдаване Артикулен № Име на библиотеката - собственик Име на библиотеката, в която се намира в момента Статус (Текущо местоположение) Дата на вписване в системата Местоположение - отдел Цена в лева Инвентарен номер Систематично азбучна сигнатура Баркод Номер на екземпляра Цена в евро Служебна бележка Служебен тип на артикула
  Не е изгубен Не е повреден без рестрикции ползва се в читалня 106527 Регионална библиотека "Любен Каравелов" Русе Регионална библиотека "Любен Каравелов" Русе Хранилище 2006-10-13 Хранилище 0.00 120000705914 Цб 229579 120000705914 1 0.00 Дост: Dp Вид: Д N: 45 Дата: 26.10.2005 Книги
Vip Innovations Ltd, Rousse, Bulgaria 2025